Teatro crítico universal III

Saved in:
Bibliographic Details
Main Author: Feijóo, Benito
Format: Book
Language:Undetermined
Published: Madrid, España La lectura 1925
Subjects:
Tags: Add Tag
No Tags, Be the first to tag this record!

MARC

LEADER 00000nam a2200000Ia 4500
008 170316s9999 xx 000 0 und d
040 |a cru BVZT 
090 |a 862 E-14t v.3 
100 |a Feijóo, Benito 
245 |a Teatro crítico universal III 
260 |a Madrid, España 
260 |b La lectura 
260 |c 1925 
300 |a 330 páginas 
650 |a LITERATURA ESPAÑOLA 
999 |c 9820  |d 9820 
942 |c 15 D  |h 862 E-14t v.3  |2 z